MARC

LEADER 00000nam0a2200000 4500
001 350287
005 20231102010303.0
035 |a (RuTPU)RU\TPU\retro\4082 
090 |a 350287 
100 |a 20181221d k y0rusy50 ca 
101 0 |a rus 
102 |a RU 
105 |a a z 001zy 
200 1 |a Представления группы вращений и группы Лоренца, их применение  |f И. М. Гельфанд, Р. А. Минлос, З. Я. Шапиро 
210 |a Москва  |c Государственное изд-во физико-математической литературы  |d 1958 
215 |a 366 с.  |c ил. 
320 |a Библиогр.: с. 367-368 
606 |a Физика теоретическая  |2 stltpush  |3 (RuTPU)RU\TPU\subj\63728  |9 80703 
610 1 |a теория представлений 
610 1 |a квантовая механика 
610 1 |a группа вращений 
610 1 |a группа Лоренца 
610 1 |a релятивистски-инвариантные уравнения 
675 |a 530.1  |v 4 
700 1 |a Гельфанд  |b И. М.  |g Израил Моисеевич 
701 1 |a Минлос  |b Р. А.  |g Роберт Адольфович 
701 1 |a Шапиро  |b З. Я.  |g Зоря Яковлевна 
801 1 |a RU  |b 63413507  |c 20181221 
801 2 |a RU  |b 63413507  |c 20190412  |g RCR 
942 |c BK